LEADER 01258nam a2200253 i 4500 001 000000043798 003 CaOOAMICUS 005 20120727000000.0 008 120727s1870 it u000 u ita u 013 $a14968 040 $aSeMil$bita 100 1 $aManning, Henry Edward .$0(OLS)http://semarc/name/20734 245 13$aLa missione temporale dello Spirito Santo, ovvero La ragione e la rivelazione /$cper Enrico Eduardo Manning ... ; versione dall'inglese per fr. Panfilo di Magliano. 250 $aEdizione stereotipa. 260 $aTorino :$bTip. pontificia Pietro di G. Marietti,$c1870. 260 $aRoma :$bTip. Poliglotta,$c1870. 300 $aXI, 281 p. ;$c20 cm. 650 4$aSpirito Santo - Teologia.$0(OLS)http://semarc/subject/1154 650 4$aTeologia fondamentale.$0(OLS)http://semarc/subject/235 850 $aSeMil 852 $aSeMil$W1$xVenegono$y1$m2B III 121 FA$j9953$B9953$CSeMilBibl$Z2$F9953 $8I 996 $6245$aLa missione temporale dello Spirito Santo, ovvero La ragione e la rivelazione$9(OLS)http://semarc/title/346047 996 $6260$aRoma :$bTip. Poliglotta$9(OLS)http://semarc/publisher/38780 996 $6260$aTorino :$bTip. pontificia Pietro di G. Marietti$9(OLS)http://semarc/publisher/40504 LEADER 00639nas a2200169 i 4500 001 000000110900 003 CaOOAMICUS 005 20191022100125.0 008 050426k19982002it ar yy u0 a0ita r 013 $a83581 040 $aSeMil$bita 245 00$a[Anni Accademici 1998/1999-2002/2003]. 773 0 $tAnnuario Accademico [della] Facoltą Teologica dell'Italia Settentrionale.$dMilano : [s.n.], 1969-     .$w()1862 850 $aSeMil 852 $aSeMil$W1$xVenegono$y1$m249 3 38/A-42/A$j66757$B66757$CSeMilBibl$Z2$F96485 $82 996 $6245$a[Anni Accademici 1998/1999-2002/2003]$9(OLS)http://semarc/title/426355